| 000 | 00982pam a2200277 a 4500 | ||
|---|---|---|---|
| 999 |
_c127237 _d127237 |
||
| 001 | 547455 | ||
| 003 | ARRUPE | ||
| 005 | 20171113123422.0 | ||
| 008 | 880519t19881989nyua 001 0 eng | ||
| 010 | _a 88009068 | ||
| 020 |
_a0070088748 _z080280909X : _c$7.95 |
||
| 040 |
_aDLC _cDLC _dDLC |
||
| 050 | 0 | 0 | _aQ-19-1 |
| 082 | 0 | 0 |
_a530 _219 |
| 100 | 1 |
_aBueche, F. _q(Frederick), _d1923- _937573 |
|
| 245 | 1 | 0 |
_aSchaum's outline of theory and problems of college physics / _cFrederick J. Bueche. |
| 250 | _a8th ed. | ||
| 260 |
_aNew York : _bMcGraw-Hill, _c[1988], c1989. |
||
| 300 |
_a412 p. : _bill. ; _c28 cm. |
||
| 490 | 0 | _aSchaum's outline series. Schaum's outline series in science | |
| 500 | _aIncludes index. | ||
| 650 | 0 |
_aPhysics. _92736 |
|
| 740 | 0 | _aOutline of theory and problems of college physics. | |
| 740 | 0 | _aTheory and problems of college physics. | |
| 906 |
_a7 _bcbc _corignew _d1 _eocip _f19 _gy-gencatlg |
||
| 942 |
_2lcc _cMONOGRAPH |
||